Escenas de pudor y liviandad /

I tiakina i:
Ngā taipitopito rārangi puna kōrero
Kaituhi matua: Monsiváis, Carlos (autor)
Hōputu: Pukapuka
Reo:Pāniora
I whakaputaina: México : Grijalbo, 1991, c1988
Ngā Tūtohu: Tāpirihia he Tūtohu
Kāore He Tūtohu, Me noho koe te mea tuatahi ki te tūtohu i tēnei pūkete!

MARC

LEADER 00000nam^a2200000^a^4500
001 000621106
005 20250924000000.0
009 20260310133852.271
020 |a 968-419-739-X 
037 |a Acervo ITESO - Biblioteca 
041 |a ESP 
091 |a FOB. 01811 
100 |a Monsiváis, Carlos  |e (autor) 
245 1 0 |a Escenas de pudor y liviandad / 
264 4 |a México :  |b Grijalbo,  |c 1991, c1988 
300 |a 354 p., [8 láminas] 
336 |a texto  |b txt  |2 rdacontenido 
337 |a sin mediación  |b n  |2 rdamedio 
338 |a volumen  |b nc  |2 rdasoporte 
649 |a XX 
910 |a Fondo Carlos de Obeso Orendain 
920 |a Impresos - Libros 
930 |a Fondos Especiales 
940 |a Literatura 
905 |a 147 
901 |a 621614-10  |b IT2  |c ESP  |i D  |u 20250924 
902 |a https://opac.biblio.iteso.mx/vufind/Record/000621106